000 00238nam a2200097Ia 4500
008 120527s9999 xx 000 0 und d
100 _aDWIVEDI,D.N
245 _aMacroeconomics:theory and policy.
260 _bTata Mcgraw-hill
942 _cBK
999 _c24160
_d24160